[Event "28. Friedensfest-Open (AFRO-A)"]
[Site "Augsburg"]
[Date "2023.08.06"]
[Round "7.35"]
[White "Wang, Simon"]
[Black "Schneider, Peter"]
[Result "1-0"]
[WhiteElo "1517"]
[BlackElo "1679"]
[EventDate "2023.08.03"]
[Time "09:30:00"]
[WhiteTeam "SF Dachau 1932 e.V."]
[BlackTeam "SC Wolfratshausen 1948 e.V."]

1.c4 Nf6 2.Nf3 c5 3.g3 Nc6 4.Nc3 g6 5.Bg2 Bg7 6.O-O O-O 7.e3 e5 8.Rb1 Rb8 
9.a3 a5 10.b3 b6 11.Bb2 Bb7 12.Ne2 Re8 13.d4 d6 14.Qc2 Qc7 15.Rbd1 Rbd8 
16.dxe5 dxe5 17.Nc3 Ne7 18.Nb5 Be4 19.Qxe4 Rxd1 20.Rxd1 Rd8 21.Qc2 Rxd1+ 
22.Qxd1 Qd7 23.Qxd7 Nxd7 24.Bc3 Nc6 25.Nd2 Nd8 26.f4 exf4 27.exf4 Bxc3 28.
Nxc3 f6 29.Nd5 Kf7 30.Bh3 f5 31.Nb1 Nc6 32.Bf1 Nd4 33.Nd2 Nc2 34.a4 Nd4 
35.Kf2 Ke6 36.Be2 h5 37.Bd1 Kd6 38.Nf3 Nc6 39.Nh4 Nf8 40.Nxb6 Nb4 41.Bf3 
Nd3+ 42.Ke3 Nc1 43.Bd1 Na2 44.Nd5 Nc1 45.Kd2 Na2 46.Bc2 Nb4 47.Nxb4 cxb4 
48.Kd3 Kc5 49.Bd1 Kd6 50.Bf3 Ne6 51.Nxg6 Nc5+ 52.Kc2 Ke6 53.Ne5 1-0

[Event "28. Friedensfest-Open (AFRO-A)"]
[Site "Augsburg"]
[Date "2023.08.05"]
[Round "5.8"]
[White "Kraemer, Max"]
[Black "Bilandzic, Ante"]
[Result "1/2-1/2"]
[WhiteElo "2044"]
[BlackElo "1847"]
[EventDate "2023.08.03"]
[Time "09:30:00"]
[WhiteTeam "SK Caissa Augsburg"]
[BlackTeam "FC Bayern Muenchen e.V."]

1.c4 Nf6 2.Nc3 e5 3.g3 Nc6 4.Bg2 Bb4 5.e4 Bxc3 6.bxc3 O-O 7.Ne2 b6 8.O-O 
Ba6 9.d3 h6 10.f4 d6 11.Rb1 Re8 12.f5 Rc8 13.h3 Na5 14.Kh2 c6 15.Bd2 d5 
16.Qc2 dxe4 17.Bxe4 Nxe4 18.dxe4 f6 19.Rfd1 Qe7 20.Be1 Bxc4 21.Ng1 Red8 
22.Nf3 Qa3 23.Rd2 Nb7 24.Rb4 b5 25.Bf2 a5 26.Rb2 Bd3 27.Rxd3 Rxd3 28.Rb3 
Qd6 29.Nd4 Rxd4 30.cxd4 exd4 31.Rxb5 Rc7 32.Qb3+ Kh7 33.Rxb7 Rxb7 34.Qxb7 
d3 35.Qf7 d2 36.Qg6+ Kg8 37.Qe8+ Kh7 38.Qg6+ 1/2-1/2

[Event "28. Friedensfest-Open (AFRO-A)"]
[Site "Augsburg"]
[Date "2023.08.04"]
[Round "3.14"]
[White "Buth, Phillip"]
[Black "Weichlein, Paul"]
[Result "0-1"]
[WhiteElo "1669"]
[BlackElo "2021"]
[EventDate "2023.08.03"]
[Time "09:30:00"]
[WhiteTeam "SV Weingarten"]
[BlackTeam "SAbt TSV Haunstetten"]

1.c4 Nf6 2.Nc3 b6 3.e4 Bb7 4.d3 e6 5.Bg5 h6 6.Bxf6 Qxf6 7.g3 Bb4 8.Ne2 Qf3
9.Rg1 Qh5 10.h3 Nc6 11.Bg2 e5 12.a3 Bxc3+ 13.bxc3 d6 14.f4 O-O-O 15.f5 g6 
16.g4 Qh4+ 17.Kd2 Qg5+ 18.Kc2 h5 19.Bf3 Qe3 20.Ng3 h4 21.Nh1 gxf5 22.gxf5 
Na5 23.Qe2 Qc5 24.Qf2 Qc6 25.a4 Qe8 26.Kb2 Bc6 27.Bd1 Nb7 28.Rg4 Nc5 29.
Qc2 Rg8 30.Nf2 Qd7 31.a5 Rxg4 32.Nxg4 bxa5 33.Rxa5 Kb7 34.Kc1 Rb8 35.Kd2 
Qd8 36.Ke2 a6 37.Ra2 Ka7 38.Rb2 Ba4 39.Rxb8 Qxb8 40.Qd2 Bxd1+ 41.Qxd1 Qb2+
42.Qd2 Qa1 43.Nh6 Qh1 44.Qe3 Qg2+ 45.Kd1 Qg3 46.Kd2 a5 47.Nxf7 a4 48.Nd8 
Qg2+ 49.Qe2 Qg5+ 50.Qe3 Qxd8 51.d4 Nb3+ 52.Kc2 exd4 53.cxd4 Qf6 54.Kc3 c5 
55.Qg1 Qxd4+ 0-1

[Event "28. Friedensfest-Open (AFRO-A)"]
[Site "Augsburg"]
[Date "2023.08.04"]
[Round "4.5"]
[White "Soergel, Thomas"]
[Black "Bilchinski, Anton"]
[Result "0-1"]
[WhiteElo "2019"]
[BlackElo "2245"]
[EventDate "2023.08.03"]
[Time "15:30:00"]
[WhiteTeam "SK Graefelfing"]
[BlackTeam "SC Eppingen"]

1.c4 Nf6 2.Nc3 e6 3.d4 Bb4 4.Qc2 O-O 5.Nf3 c5 6.e3 b6 7.Bd2 cxd4 8.exd4 
Bb7 9.Bd3 h6 10.a3 Be7 11.Ne4 d5 12.Nxf6+ Bxf6 13.c5 Nc6 14.Be3 bxc5 15.
Qxc5 a6 16.Qc3 Rc8 17.Qd2 Na5 18.Bxh6 Nb3 19.Qf4 Nxa1 20.O-O Re8 21.Bg5 
Bxg5 22.Nxg5 Qf6 23.Qh4 Qh6 24.Qf4 Qf6 25.Qh4 g6 26.Rxa1 Kg7 27.Qg4 e5 28.
dxe5 Rxe5 29.h4 Rce8 30.Nf3 R5e7 31.Rb1 d4 32.Nd2 Re1+ 33.Rxe1 Rxe1+ 34.
Nf1 Bd5 35.h5 Be6 36.Qg3 Qe5 37.Qxe5+ Rxe5 38.hxg6 Bf5 39.Bxf5 Rxf5 40.Nd2
fxg6 41.f3 Rc5 42.Nb3 d3 43.Kf2 Re5 44.f4 Re2+ 45.Kf3 Rxb2 46.Nc5 Rxg2 47.
Nxd3 Ra2 48.Nb4 Rxa3+ 49.Kg4 a5 50.Nc6 Ra1 51.Nd4 a4 52.f5 Rg1+ 53.Kh3 Rd1
0-1

[Event "28. Friedensfest-Open (AFRO-A)"]
[Site "Augsburg"]
[Date "2023.08.06"]
[Round "7.16"]
[White "Kraemer, Max"]
[Black "Schuetze, Jonas"]
[Result "1-0"]
[WhiteElo "2044"]
[BlackElo "1821"]
[EventDate "2023.08.03"]
[Time "09:30:00"]
[WhiteTeam "SK Caissa Augsburg"]
[BlackTeam "Schachfreunde Augsburg"]

1.c4 Nf6 2.Nc3 g6 3.e4 d6 4.g3 Bg7 5.Bg2 c6 6.Nge2 e5 7.O-O O-O 8.d3 Na6 
9.h3 Nc7 10.f4 a5 11.a4 Ra6 12.Be3 exf4 13.Nxf4 Ne6 14.Kh2 Qd7 15.Qd2 Nxf4
16.Bxf4 Nh5 17.Bh6 Rb6 18.Bxg7 Nxg7 19.Rf6 Nh5 20.Rf3 Qe7 21.Raf1 Be6 22.
g4 Ng7 23.Rg3 Rb4 24.Na2 Rb6 25.Qc3 Qd8 26.d4 d5 27.c5 Ra6 28.e5 b6 29.b4 
bxc5 30.Qxc5 Qb6 31.b5 cxb5 32.axb5 Rc8 33.Qxb6 Rxb6 34.Nc3 Rc4 35.Nxd5 
Rxb5 36.Nf6+ Kf8 37.d5 Bc8 38.Nxh7+ Ke8 39.Ng5 Rc7 40.d6 Ra7 41.Bc6+ Bd7 
42.Bxb5 Bxb5 43.Rb1 Bc4 44.Ne4 Kd7 45.Rc3 Bd5 46.Nc5+ Kc6 47.Ne6+ Kd7 48.
Nxg7 1-0

[Event "28. Friedensfest-Open (AFRO-A)"]
[Site "Augsburg"]
[Date "2023.08.03"]
[Round "2.33"]
[White "Holzmayr, Norbert"]
[Black "Stumpf, Vitali"]
[Result "0-1"]
[WhiteElo "1820"]
[BlackElo "1665"]
[EventDate "2023.08.03"]
[Time "15:30:00"]
[WhiteTeam "SV Ilmmuenster"]
[BlackTeam "?"]

1.c4 Nf6 2.Nc3 g6 3.Nf3 Bg7 4.g3 d5 5.cxd5 Nxd5 6.Bg2 O-O 7.O-O c5 8.Qb3 
e6 9.a3 Nc6 10.d3 b6 11.Bg5 Nde7 12.Ne4 h6 13.Bf6 Bb7 14.Bxg7 Kxg7 15.Qc3+
f6 16.b4 cxb4 17.axb4 Nd5 18.Qb3 Ncxb4 19.Nd4 Qd7 20.Nc3 e5 21.Nxd5 Nxd5 
22.Qb5 Rfd8 23.Qxd7+ Rxd7 24.Nb5 a6 25.Bh3 f5 26.Na3 b5 27.e4 Ne7 28.Rfe1 
Rxd3 29.exf5 gxf5 30.Rxe5 Kf6 31.Ree1 Rc8 32.Bg2 Bxg2 33.Kxg2 Rcc3 34.Nb1 
Rc6 35.Ra2 b4 36.Nd2 b3 37.Rb2 Rc2 38.Rxb3 Rdxd2 39.Rb6+ Rc6 40.Rb7 Nd5 
41.Re8 Rc7 42.Rbb8 Re7 43.Rh8 Kg6 44.h4 Nf6 45.Rb6 Kg7 46.Ra8 Ra2 47.Raxa6
Rxa6 48.Rxa6 Ng4 49.f3 Nf6 50.Ra5 Kg6 51.Kf2 Re6 52.Ra2 Rb6 53.Rc2 Rb4 54.
Ra2 h5 55.Rc2 f4 56.gxf4 Rxf4 57.Kg3 Rd4 58.Rc6 Rd2 59.Ra6 Rd3 60.Kf4 Rd2 
61.Kg3 Rd1 62.Rb6 Kf7 63.Ra6 Rg1+ 64.Kf2 Rg6 65.Ra7+ Ke6 66.Ra6+ Ke5 67.
Ra5+ Kd4 68.Ra4+ Kc5 {Rest unleserlich} 0-1

[Event "28. Friedensfest-Open (AFRO-A)"]
[Site "Augsburg"]
[Date "2023.08.04"]
[Round "4.35"]
[White "Holzmayr, Norbert"]
[Black "Nagy, Peter"]
[Result "0-1"]
[WhiteElo "1820"]
[BlackElo "1585"]
[EventDate "2023.08.03"]
[Time "15:30:00"]
[WhiteTeam "SV Ilmmuenster"]
[BlackTeam "Rosenheimer-Schachverein in der"]

1.c4 Nf6 2.Nc3 g6 3.Nf3 Bg7 4.g3 O-O 5.Bg2 d6 6.O-O c5 7.d3 Nc6 8.a3 Rb8 
9.Bd2 a6 10.Rb1 b5 11.cxb5 axb5 12.b3 b4 13.axb4 Nxb4 14.Na4 e5 15.Bg5 h6 
16.Bd2 Be6 17.Bc3 Nfd5 18.Ba1 f5 19.Nd2 g5 20.Nc4 g4 21.e4 Ne7 22.f4 gxf3 
23.Rxf3 f4 24.h3 Ng6 25.Qe1 Nc2 26.Qd1 Nxa1 27.Rxa1 Rb7 28.Nc3 Qb8 29.Ra3 
Rff7 30.Qa1 Ra7 31.Na4 Rfb7 32.Qd1 Rb4 33.Qc2 Bf6 34.Kh1 Bd8 35.gxf4 Nxf4 
36.Rf2 Bh4 37.Rf3 Rg7 38.Bf1 Kh8 39.Qa2 Rbb7 40.Nab6 Ra7 41.Rxa7 Rxa7 42.
Qb2 Rb7 43.Rxf4 Bg5 44.Rf3 Rxb6 45.Qf2 Kh7 46.Nxb6 Qxb6 47.Rf8 Qxb3 48.h4 
Bf4 49.Qg2 Qb7 50.h5 Bg5 51.Be2 Qe7 52.Rf1 Kg7 53.Bg4 Bf7 54.Qh3 Qe8 55.
Qf3 Qe7 56.Qf5 Be8 57.Rb1 Bf4 58.Rg1 Bg5 59.Qe6 Qxe6 60.Bxe6 Bxh5 61.Kg2 
Be2 62.Bc4 Kf6 63.Re1 Bh5 64.Ra1 Ke7 65.Ra7+ Kd8 66.Bb5 Bg4 67.Kg3 Be6 68.
Bc4 Bd7 69.Bd5 Kc8 70.Bf7 Bb5 71.Bc4 Bd7 72.Ba6+ Kd8 73.Ra8+ Kc7 74.Rh8 
Be6 75.Bc4 Bc8 76.Rh7+ Kd8 77.Bb5 Be6 78.Ba4 Kc8 79.Bc6 Kd8 80.Bd5 Bd7 81.
Bf7 Kc8 82.Bg6 Kd8 83.Bf5 Bb5 84.Rb7 Bc6 85.Be6 Bxb7 0-1

[Event "28. Friedensfest-Open (AFRO-A)"]
[Site "Augsburg"]
[Date "2023.08.04"]
[Round "3.38"]
[White "Rempel, Alexander sen."]
[Black "Merz, Andreas"]
[Result "0-1"]
[WhiteElo "1683"]
[BlackElo "1770"]
[EventDate "2023.08.03"]
[Time "09:30:00"]
[WhiteTeam "Schachfreunde Augsburg"]
[BlackTeam "SC 74 Treuchtlingen"]

1.d4 e5 2.d5 Bc5 3.c4 f5 4.Nc3 Nf6 5.Bg5 Bxf2+ 6.Kd2 Bd4 7.Rc1 Bxc3+ 8.
Kxc3 Ne4+ 9.Kc2 Qxg5 10.Qe1 O-O 11.g3 Na6 12.a3 Nac5 13.Bg2 a5 14.e3 c6 
15.Nf3 Qe7 16.Rd1 b5 17.cxb5 cxb5 18.Nd2 Bb7 19.b4 axb4 20.axb4 Ra2+ 0-1

[Event "28. Friedensfest-Open (AFRO-A)"]
[Site "Augsburg"]
[Date "2023.08.06"]
[Round "7.23"]
[White "Berlizov, Stanislaw"]
[Black "Lachmayer, Manfred"]
[Result "1-0"]
[WhiteElo "1764"]
[BlackElo "1920"]
[EventDate "2023.08.03"]
[Time "09:30:00"]
[WhiteTeam "SC 1947 Beilngries"]
[BlackTeam "TSV Langenau"]

1.d4 c6 2.c4 d6 3.Nc3 Qc7 4.e4 e5 5.d5 Be7 6.Be3 h6 7.Qd2 Nf6 8.f3 a6 9.a4
c5 10.Bd3 a5 11.Nge2 Na6 12.Ng3 Nb4 13.O-O-O g6 14.Bc2 h5 15.h3 h4 16.Nge2
Nh5 17.f4 exf4 18.Nxf4 Bf6 19.Nb5 Qe7 20.Nd3 Ng3 21.e5 Nxd3+ 22.Bxd3 Bxe5 
23.Bg5 Qd7 24.Rhe1 Kf8 25.Rxe5 dxe5 26.Qc3 Rh5 27.Qxe5 Nf5 28.Re1 Ra6 29.
Nc7 Kg8 30.Ne8 Rxg5 31.Bxf5 gxf5 32.Nf6+ Rxf6 33.Qxf6 Rg6 34.Qxh4 b6 35.
Re7 Qxa4 36.Kb1 Ba6 37.Ra7 {Time} 1-0

[Event "28. Friedensfest-Open (AFRO-A)"]
[Site "Augsburg"]
[Date "2023.08.04"]
[Round "3.13"]
[White "Bilandzic, Ante"]
[Black "Brem, Stephan"]
[Result "0-1"]
[WhiteElo "1847"]
[BlackElo "2040"]
[EventDate "2023.08.03"]
[Time "09:30:00"]
[WhiteTeam "FC Bayern Muenchen e.V."]
[BlackTeam "Schachklub Muenchen Suedost e.V."]

1.d4 b6 2.Nf3 Bb7 3.Bf4 d6 4.e3 g6 5.Nbd2 Bg7 6.Bb5+ c6 7.Be2 Nd7 8.O-O 
Ngf6 9.c3 O-O 10.Re1 Qe8 11.h3 h6 12.Bf1 c5 13.Nc4 Ne4 14.a4 f6 15.Qc2 d5 
16.Ncd2 e5 17.Bh2 Nxd2 18.Nxd2 e4 19.Nb3 c4 20.Nd2 f5 21.b3 cxb3 22.Qxb3 
Kh8 23.Bb5 Qe6 24.a5 Bc6 25.Be2 g5 26.c4 f4 27.Bg4 Qf7 28.Rf1 Nf6 29.Be2 
Nd7 30.Ra2 Rfb8 31.Qa3 Bf8 32.Qc1 b5 33.c5 Be7 34.Nb3 Rf8 35.a6 f3 36.gxf3
exf3 37.Bd3 Qe6 38.Kh1 Qxh3 39.Rg1 Nf6 40.Rg3 Qh5 41.Qg1 g4 42.Na5 Bd7 43.
Rc2 Bf5 44.Bxf5 Qxf5 45.Rc1 Ne4 46.c6 Bd6 47.c7 h5 48.Rc6 h4 49.Rxg4 Qxg4 
50.Rxd6 Qxg1+ 51.Kxg1 Rg8+ 52.Kf1 Nxd6 53.Bxd6 Rg6 54.Nc6 Rxd6 55.Nb8 Rc6 
56.Nxc6 Rc8 57.e4 dxe4 58.d5 Rxc7 59.Kg1 Kg7 60.Nd4 Rc1+ 61.Kh2 b4 62.Kh3 
Rd1 0-1

[Event "28. Friedensfest-Open (AFRO-A)"]
[Site "Augsburg"]
[Date "2023.08.06"]
[Round "7.9"]
[White "Portnov, Dmytro"]
[Black "Brem, Stephan"]
[Result "1-0"]
[WhiteElo "1818"]
[BlackElo "2040"]
[EventDate "2023.08.03"]
[Time "09:30:00"]
[WhiteTeam "SC Weisse Dame Ulm e.V."]
[BlackTeam "Schachklub Muenchen Suedost e.V."]

1.d4 b6 2.e4 Bb7 3.Bd3 Nf6 4.Qe2 Nc6 5.c3 e5 6.d5 Ne7 7.h4 c6 8.c4 h5 9.
Nf3 Ng6 10.Nc3 Bb4 11.Qc2 Ng4 12.Bg5 f6 13.Bd2 Bc5 14.Rf1 Qe7 15.Ne2 Bb4 
16.a3 Bxd2+ 17.Kxd2 a5 18.Nc3 Nf4 19.g3 Nxd3 20.Qxd3 O-O 21.Ne1 Ba6 22.f3 
Nh6 23.Nc2 f5 24.b4 f4 25.b5 cxb5 26.cxb5 Bb7 27.Rg1 fxg3 28.Rxg3 Qxh4 29.
Rag1 Rf7 30.Qe3 Qf4 31.Qxf4 exf4 32.Rg6 Kh7 33.Rxb6 d6 34.Rxd6 Rg8 35.Rh1 
g6 36.Nd4 Rc7 37.Ne6 Nf7 38.Rb6 Re7 39.Nxf4 Ne5 40.Ke2 Rf7 41.Nxh5 1-0

[Event "28. Friedensfest-Open (AFRO-A)"]
[Site "Augsburg"]
[Date "2023.08.04"]
[Round "4.7"]
[White "Baur, Volker, Dr."]
[Black "Stork, Simon"]
[Result "1/2-1/2"]
[WhiteElo "1883"]
[BlackElo "2080"]
[EventDate "2023.08.03"]
[Time "15:30:00"]
[WhiteTeam "SF Mengen"]
[BlackTeam "TSV Langenau"]

1.d4 d5 2.Nc3 c6 3.Bf4 Nf6 4.e3 Bf5 5.f3 h5 6.Bd3 Bxd3 7.cxd3 e6 8.Nge2 
Be7 9.O-O Nfd7 10.e4 Bf6 11.Qd2 O-O 12.Be3 e5 13.dxe5 Nxe5 14.f4 Ng4 15.e5
Be7 16.Kh1 Na6 17.h3 Nxe3 18.Qxe3 f5 19.d4 1/2-1/2

[Event "28. Friedensfest-Open (AFRO-A)"]
[Site "Augsburg"]
[Date "2023.08.05"]
[Round "5.11"]
[White "Sowka, Patrick"]
[Black "Baur, Volker, Dr."]
[Result "1-0"]
[WhiteElo "1737"]
[BlackElo "1883"]
[EventDate "2023.08.03"]
[Time "09:30:00"]
[WhiteTeam "FC Ergolding 1932 e.V."]
[BlackTeam "SF Mengen"]

1.d4 d5 2.Nc3 Nf6 3.Bf4 a6 4.e3 b5 5.Bd3 e6 6.Nf3 Bb7 7.O-O c5 8.Ne5 c4 9.
Be2 Nc6 10.Bf3 b4 11.Ne2 Nxe5 12.Bxe5 Bd6 13.Bxd6 Qxd6 14.Ng3 O-O 15.Qe2 
a5 16.Rfc1 Rfd8 17.c3 g6 18.Qd2 Bc6 19.b3 cxb3 20.axb3 Bb5 21.Be2 Bxe2 22.
Nxe2 Ne4 23.Qd3 bxc3 24.f3 Nf6 25.Qxc3 Qb4 26.Ra4 Qxc3 27.Rxc3 Rdb8 28.Nc1
Nd7 29.Nd3 Nb6 30.Ra1 Rc8 31.Rxc8+ Nxc8 32.Nc5 Nb6 33.Kf2 Kf8 34.Ke2 Ke7 
35.Kd3 Kd6 36.Rxa5 Rxa5 37.Nb7+ Kc6 38.Nxa5+ Kb5 39.Nb7 Nc8 40.e4 Kb4 41.
e5 Kxb3 42.Nd6 Na7 43.Nxf7 Nc6 44.Ng5 Nb4+ 45.Kd2 Kc4 46.Nxe6 1-0

[Event "28. Friedensfest-Open (AFRO-A)"]
[Site "Augsburg"]
[Date "2023.08.04"]
[Round "3.12"]
[White "Haller, Quentin"]
[Black "Schindler, Alexander"]
[Result "1-0"]
[WhiteElo "2042"]
[BlackElo "1909"]
[EventDate "2023.08.03"]
[Time "09:30:00"]
[WhiteTeam "?"]
[BlackTeam "Schachfreunde Augsburg"]

1.d4 d5 2.Bf4 Nf6 3.e3 c5 4.dxc5 Nc6 5.Bb5 Qa5+ 6.Nc3 e6 7.a3 Ne4 8.Ne2 g5
9.b4 Nxc3 10.Nxc3 Qd8 11.Be5 f6 12.Qh5+ Ke7 13.Bd6+ Kd7 14.Qf7+ Be7 15.Ne4
Qf8 16.Nxf6+ Kd8 17.Qxf8+ Rxf8 18.Bxe7+ Kxe7 19.Ng4 a5 20.O-O Bd7 21.c3 
Na7 22.Bxd7 Kxd7 23.c4 axb4 24.axb4 Nc6 25.cxd5 exd5 26.b5 Na5 27.Rad1 Ke6
28.e4 dxe4 29.Rd6+ Kf7 30.Rfd1 Rae8 31.Rd7+ Re7 32.Nh6+ Kf6 33.R1d6+ Re6 
34.Ng4+ Kf5 35.Ne3+ Kf6 36.Rd5 Kg6 37.g4 h5 38.h4 gxh4 39.gxh5+ 1-0

[Event "28. Friedensfest-Open (AFRO-A)"]
[Site "Augsburg"]
[Date "2023.08.06"]
[Round "7.25"]
[White "Jussim, Maxim"]
[Black "Waibel, Manuel"]
[Result "1-0"]
[WhiteElo "2098"]
[BlackElo "1815"]
[EventDate "2023.08.03"]
[Time "09:30:00"]
[WhiteTeam "Schachfreunde Augsburg"]
[BlackTeam "Schachges. Augsburg 1873"]

1.d4 d5 2.Bf4 Nf6 3.e3 e6 4.Nd2 Be7 5.Bd3 Nbd7 6.c3 c5 7.Qe2 Qb6 8.Rb1 Bd6
9.Ngf3 Qc7 10.Bxd6 Qxd6 11.O-O O-O 12.Rfd1 e5 13.dxe5 Nxe5 14.Nxe5 Qxe5 
15.Nf3 Qh5 16.h3 Be6 17.b4 c4 18.Bc2 b5 19.a4 bxa4 20.Bxa4 Ne4 21.Rdc1 Qg6
22.Rb2 Bxh3 23.Qf1 Be6 24.Bc2 Qf6 25.Bxe4 dxe4 26.Nd4 Rfb8 27.Ra2 h5 28.
Rca1 Rb7 29.Ra6 g5 30.Nxe6 fxe6 31.Qxc4 Re7 32.R1a2 Rd8 33.Rxa7 Rd1+ 34.
Kh2 g4 35.Qc8+ Kf7 36.g3 h4 37.Rxe7+ Qxe7 38.Qb8 h3 39.Qf4+ Ke8 40.Qxg4 
Qf6 41.Qxd1 1-0

[Event "28. Friedensfest-Open (AFRO-A)"]
[Site "Augsburg"]
[Date "2023.08.03"]
[Round "2.11"]
[White "Baur, Volker, Dr."]
[Black "Notz, Lukas"]
[Result "1-0"]
[WhiteElo "1883"]
[BlackElo "1936"]
[EventDate "2023.08.03"]
[Time "15:30:00"]
[WhiteTeam "SF Mengen"]
[BlackTeam "SV Dettingen Erms"]

1.d4 d5 2.Nc3 Nf6 3.Bf4 a6 4.e3 e6 5.g4 Bb4 6.Ne2 c5 7.a3 Bxc3+ 8.Nxc3 
cxd4 9.exd4 Nc6 10.g5 Nd7 11.Qd2 O-O 12.Bg2 Qb6 13.O-O-O Qa5 14.Ne2 b5 15.
Bd6 Re8 16.b3 Qb6 17.Qf4 Bb7 18.Qg3 Ne7 19.Bh3 Rac8 20.Rhe1 Rc6 21.Bxe7 
Rxe7 22.Nf4 Qc7 23.Rd2 Rc3 24.Re3 Rxe3 25.Qxe3 Nf8 26.Re2 Qd6 27.Kb2 a5 
28.Qe5 Qxe5 29.Rxe5 Ng6 30.Nxg6 hxg6 31.f4 b4 32.axb4 axb4 33.Re1 Rc7 34.
Re3 Ba6 35.c3 Rb7 36.cxb4 Rxb4 37.Kc3 Rb7 38.Re1 Rc7+ 39.Kb2 Bd3 40.Rc1 
Rb7 41.Rc8+ Kh7 42.Bg4 Bf5 43.Bxf5 gxf5 44.h4 f6 45.Re8 fxg5 46.hxg5 Rb4 
47.Kc3 Rb6 48.Re7 Kg6 49.Rc7 Rb8 50.b4 Kh5 51.Rxg7 Rc8+ 52.Kd3 Rc4 53.b5 
Rb4 54.Rh7+ Kg6 55.Re7 Rxb5 56.Rxe6+ Kg7 57.Rf6 Rb3+ 58.Kd2 Rb2+ 59.Kc3 
Rf2 60.Rxf5 Kg6 61.Rf6+ Kg7 62.Kd3 1-0

[Event "28. Friedensfest-Open (AFRO-A)"]
[Site "Augsburg"]
[Date "2023.08.05"]
[Round "5.23"]
[White "Schuetze, Jonas"]
[Black "Kandel, Harald"]
[Result "1/2-1/2"]
[WhiteElo "1821"]
[BlackElo "1997"]
[EventDate "2023.08.03"]
[Time "09:30:00"]
[WhiteTeam "Schachfreunde Augsburg"]
[BlackTeam "TSG Ehingen 1848 e.V."]

1.d4 d5 2.c4 c6 3.g3 Nf6 4.Nf3 e6 5.cxd5 exd5 6.Bg2 Bd6 7.O-O O-O 8.Nc3 
Bf5 9.a3 Nbd7 10.Nh4 Be6 11.Qc2 Re8 12.Re1 Bc7 13.h3 Bb6 14.Be3 Nf8 15.b4 
a6 16.Na4 Bc7 17.Nc5 Bc8 18.Qd3 N8d7 19.Rac1 Nb6 20.Bg5 Nbd7 21.e4 Nxc5 
22.bxc5 dxe4 23.Bxe4 g6 24.Re3 Bxh3 25.Rf3 Re6 26.Nf5 gxf5 27.Bxf5 Bxf5 
28.Qxf5 Qd5 29.Bxf6 Qxf5 30.Rxf5 Bd8 31.Be5 f6 32.Bf4 Kg7 33.Be3 Kg6 34.
Rf4 h5 35.Kg2 f5 36.Rb1 Bg5 37.Rf3 Re7 38.d5 cxd5 39.Rb6+ Bf6 40.Bd4 Rf8 
41.Rfb3 Rff7 42.Rd6 Re4 43.Bxf6 Rxf6 44.Rxd5 Re7 45.a4 1/2-1/2

[Event "28. Friedensfest-Open (AFRO-A)"]
[Site "Augsburg"]
[Date "2023.08.03"]
[Round "1.17"]
[White "Vuong, Anh-Tu"]
[Black "Baur, Volker, Dr."]
[Result "1/2-1/2"]
[WhiteElo "2031"]
[BlackElo "1883"]
[EventDate "2023.08.03"]
[Time "09:30:00"]
[WhiteTeam "TSV Landsberg"]
[BlackTeam "SF Mengen"]

1.d4 d5 2.c4 c6 3.Nf3 Nf6 4.g3 a6 5.Bg2 b5 6.cxd5 cxd5 7.O-O e6 8.a4 b4 9.
a5 Bb7 10.Bd2 Nc6 11.Qa4 Qd7 12.Rc1 Bd6 13.Be1 O-O 14.Nbd2 Rfc8 15.Nb3 Qe7
16.Rc2 Nd7 17.Rac1 Na7 18.e3 f6 19.Bd2 Rxc2 20.Rxc2 Rc8 21.Rxc8+ Bxc8 22.
Ne1 Bb7 23.Nd3 Bc6 24.Qa1 Bb5 25.Bf1 e5 26.Qc1 Bc4 27.Ndc5 Bxf1 28.Kxf1 
Bxc5 29.dxc5 Nc6 30.Qe1 Qf8 31.Qe2 Nxc5 32.Nxc5 Qxc5 33.Qxa6 Nxa5 34.Qa8+ 
Kf7 35.Qb8 Nc6 36.Qc7+ Kg6 37.Kg1 Qc4 38.h4 h5 39.Qd7 Qd3 40.Qe8+ Kh6 41.
g4 hxg4 42.Qh8+ Kg6 43.Qe8+ Kh6 44.Qh8+ Kg6 45.Qe8+ 1/2-1/2

[Event "28. Friedensfest-Open (AFRO-A)"]
[Site "Augsburg"]
[Date "2023.08.06"]
[Round "7.4"]
[White "Weichlein, Paul"]
[Black "Duong, Quang Bach"]
[Result "1/2-1/2"]
[WhiteElo "2021"]
[BlackElo "1658"]
[EventDate "2023.08.03"]
[Time "09:30:00"]
[WhiteTeam "SAbt TSV Haunstetten"]
[BlackTeam "Schachfreunde Augsburg"]

1.d4 d5 2.c4 c6 3.Nf3 Nf6 4.g3 Bf5 5.Bg2 e6 6.O-O Nbd7 7.b3 Be7 8.Bb2 h6 
9.Nbd2 O-O 10.Ne5 Qc7 11.Rc1 Rad8 12.cxd5 exd5 13.Ndf3 Be4 14.Bh3 Rfe8 15.
Qd2 Bf8 16.b4 Qb6 17.a3 Nxe5 18.Nxe5 Bd6 19.Nd3 Re7 20.Nc5 Bg6 21.a4 Ne4 
22.Nxe4 Rxe4 23.Bc3 Rde8 24.e3 Bh5 25.b5 cxb5 26.Ba5 Qa6 27.axb5 Qxb5 28.
Rb1 Qe2 29.Rxb7 R4e7 30.Qxe2 Bxe2 31.Rfb1 Bd3 32.R1b2 Ba6 33.Rxe7 Rxe7 34.
Bg2 Bc4 35.Bf1 Bxf1 36.Kxf1 Rd7 37.Rb5 Be7 38.Ke2 Kh7 39.Kd3 Kg6 40.Bc3 f5
41.Ra5 Kf7 42.f3 Bd8 43.Ra6 Bb6 44.Bb4 Rc7 45.Bc5 Bxc5 46.dxc5 Rxc5 47.
Rxa7+ Kf6 48.Ra6+ Kg5 49.Kd4 Rc2 50.h4+ Kh5 51.Ke5 Rg2 52.Kf4 g5+ 53.hxg5 
hxg5+ 54.Kxf5 Rxg3 55.f4 gxf4 56.Kxf4 Rg4+ 57.Kf3 Re4 58.Ra5 Re5 59.Ra4 
Kg5 60.Rf4 Rf5 1/2-1/2

[Event "28. Friedensfest-Open (AFRO-A)"]
[Site "Augsburg"]
[Date "2023.08.04"]
[Round "3.22"]
[White "Berlizov, Stanislaw"]
[Black "Kandel, Harald"]
[Result "1/2-1/2"]
[WhiteElo "1764"]
[BlackElo "1997"]
[EventDate "2023.08.03"]
[Time "09:30:00"]
[WhiteTeam "SC 1947 Beilngries"]
[BlackTeam "TSG Ehingen 1848 e.V."]

1.d4 d5 2.c4 c6 3.Nf3 Nf6 4.Nc3 e6 5.Bg5 Be7 6.e3 Nbd7 7.Qc2 h6 8.Bh4 dxc4
9.Bxc4 Nd5 10.Bxe7 Qxe7 11.O-O O-O 12.a3 b6 13.Rac1 Bb7 14.Rfd1 Rac8 15.
Qd3 Nxc3 16.Rxc3 Rfd8 17.Qe2 c5 18.Ba6 Bxa6 19.Qxa6 Nb8 20.Qc4 Nc6 21.Qa4 
Na5 22.dxc5 Rxd1+ 23.Qxd1 Rxc5 24.Rxc5 bxc5 25.Qa4 Qc7 26.h4 Nc6 27.b3 Nb8
28.Qc4 Nd7 29.b4 Qd6 30.Qe4 cxb4 31.axb4 Nb6 32.Qb7 1/2-1/2

[Event "28. Friedensfest-Open (AFRO-A)"]
[Site "Augsburg"]
[Date "2023.08.03"]
[Round "2.17"]
[White "Kandel, Harald"]
[Black "Portnov, Dmytro"]
[Result "1/2-1/2"]
[WhiteElo "1997"]
[BlackElo "1818"]
[EventDate "2023.08.03"]
[Time "15:30:00"]
[WhiteTeam "TSG Ehingen 1848 e.V."]
[BlackTeam "SC Weisse Dame Ulm e.V."]

1.d4 d5 2.c4 e6 3.Nc3 c5 4.cxd5 cxd4 5.Qxd4 Nc6 6.Qd1 exd5 7.e3 Nf6 8.Nf3 
Bb4 9.Bd2 O-O 10.Be2 Ne4 11.Nxe4 dxe4 12.Bxb4 Nxb4 13.Qxd8 Rxd8 14.Nd4 
Rxd4 15.exd4 Nc2+ 16.Kd2 Nxa1 17.Rxa1 Be6 18.b3 Rd8 19.Kc3 Rc8+ 20.Kd2 Rd8
1/2-1/2

[Event "28. Friedensfest-Open (AFRO-A)"]
[Site "Augsburg"]
[Date "2023.08.04"]
[Round "3.19"]
[White "Portnov, Dmytro"]
[Black "Trapp, Robert"]
[Result "1-0"]
[WhiteElo "1818"]
[BlackElo "2089"]
[EventDate "2023.08.03"]
[Time "09:30:00"]
[WhiteTeam "SC Weisse Dame Ulm e.V."]
[BlackTeam "SK Freising"]

1.d4 d5 2.c4 e6 3.Nc3 f5 4.Nf3 Nf6 5.Bg5 c6 6.g3 Bd6 7.c5 Bc7 8.b4 O-O 9.
Bg2 Nbd7 10.Na4 e5 11.dxe5 Nxe5 12.O-O Qe8 13.Bxf6 Rxf6 14.Nb2 f4 15.Nd3 
fxg3 16.hxg3 Ng4 17.Qd2 h6 18.e3 Qh5 19.Nf4 Bxf4 20.exf4 g5 21.Rfe1 gxf4 
22.Re7 fxg3 23.fxg3 Be6 24.Re1 Raf8 25.Qd4 Bf7 26.Nh4 Qg5 27.Bf3 Bh5 28.
Qd3 R6f7 29.Rxf7 Bxf7 30.Bxg4 Qxg4 31.Nf5 Kh7 32.Re7 Qxb4 33.Nd6+ Kg8 34.
Nxf7 Qxc5+ 35.Kg2 Kg7 36.Nd6+ Kf6 37.Qh7 Rg8 38.Qf7+ 1-0

[Event "28. Friedensfest-Open (AFRO-A)"]
[Site "Augsburg"]
[Date "2023.08.04"]
[Round "4.12"]
[White "Weichlein, Paul"]
[Black "Portnov, Dmytro"]
[Result "1-0"]
[WhiteElo "2021"]
[BlackElo "1818"]
[EventDate "2023.08.03"]
[Time "15:30:00"]
[WhiteTeam "SAbt TSV Haunstetten"]
[BlackTeam "SC Weisse Dame Ulm e.V."]

1.d4 d5 2.c4 e6 3.Nc3 c5 4.Nf3 cxd4 5.Nxd4 e5 6.Nf3 d4 7.Nd5 Nc6 8.g3 Bc5 
9.Bg2 Nge7 10.O-O Nxd5 11.cxd5 Qxd5 12.Ng5 Qd7 13.Qc2 Be7 14.Rd1 Bxg5 15.
Bxg5 h6 16.Bd2 O-O 17.Rac1 Ne7 18.Bb4 Re8 19.Qc7 Nc6 20.Bd6 Qxc7 21.Bxc7 
Bg4 22.Kf1 e4 23.f3 Bf5 24.g4 Bh7 25.f4 f5 26.Bh3 Rac8 27.Bd6 Rcd8 28.Ba3 
g5 29.gxf5 gxf4 30.Kf2 Kf7 31.Rc5 Kf6 32.b4 a6 33.b5 axb5 34.Rxb5 Ra8 35.
Bb2 Rxa2 36.Rxd4 Nxd4 37.Bxd4+ Kf7 38.Bg4 Kg8 39.Rxb7 Rd8 40.f6 e3+ 41.Kf3
Be4+ 42.Kxe4 Ra4 43.Be6+ Kh8 44.Kf5 Ra6 1-0

[Event "28. Friedensfest-Open (AFRO-A)"]
[Site "Augsburg"]
[Date "2023.08.05"]
[Round "5.5"]
[White "Weichlein, Paul"]
[Black "Reis, Thomas"]
[Result "1/2-1/2"]
[WhiteElo "2021"]
[BlackElo "2196"]
[EventDate "2023.08.03"]
[Time "09:30:00"]
[WhiteTeam "SAbt TSV Haunstetten"]
[BlackTeam "SK Kriegshaber"]

1.d4 d5 2.c4 e6 3.Nc3 Nf6 4.cxd5 exd5 5.Bg5 Be7 6.e3 O-O 7.Qc2 Re8 8.Bd3 
h6 9.Bh4 c5 10.Nf3 Nc6 11.Bb5 cxd4 12.Nxd4 Nxd4 13.exd4 Bd7 14.O-O Bxb5 
15.Nxb5 Ne4 16.Bxe7 Rxe7 17.Qd3 a6 18.Nc3 Nxc3 19.Qxc3 Rc8 20.Qd2 Qb6 21.
Rfe1 Rec7 22.Rac1 Rxc1 23.Rxc1 Rxc1+ 24.Qxc1 Qxd4 25.Qc8+ Kh7 26.Qf5+ Kg8 
27.Qc8+ Kh7 28.Qf5+ 1/2-1/2